Chapinismos del Quijote (Record no. 176686)

MARC details
000 -LEADER
campo de control de longitud fija 00965nam a22002535i 4500
001 - NÚMERO DE CONTROL
campo de control 176686
003 - IDENTIFICADOR DE NÚMERO DE CONTROL
campo de control ES-MaACL
005 - FECHA Y HORA DE LA ÚLTIMA TRANSACCIÓN
campo de control 20240421063031.0
008 - DATOS DE LONGITUD FIJA--INFORMACIÓN GENERAL
campo de control de longitud fija 110202s2005 gt |||| | spa d
020 ## - NÚMERO INTERNACIONAL ESTÁNDAR DEL LIBRO
Número Internacional Estándar del Libro 99922-790-1-X
080 ## - NÚMERO DE LA CLASIFICACIÓN DECIMAL UNIVERSAL
Número de la Clasificación Decimal Universal 801.73(728.1)
100 1# - ENTRADA PRINCIPAL--NOMBRE DE PERSONA
Nombre de persona Pérez de Antón, Francisco.
9 (RLIN) 144979
245 10 - MENCIÓN DEL TÍTULO
Título Chapinismos del Quijote
Resto del título : que trata de cómo don Quijote y Sancho utilizaban palabras y modismos chapines, y de otras historias y curiosidades dignas de ser contadas para gusto y provecho de quien las leyere /
Mención de responsabilidad, etc. Francisco Pérez de Antón.
260 ## - PUBLICACIÓN, DISTRIBUCIÓN, ETC.
Lugar de publicación, distribución, etc. Guatemala :
Nombre del editor, distribuidor, etc. Taurus,
Fecha de publicación, distribución, etc. imp. 2005.
300 ## - DESCRIPCIÓN FÍSICA
Extensión 197 p. ;
Dimensiones 25 cm.
490 1# - MENCIÓN DE SERIE
Mención de serie Pensamiento
504 ## - NOTA DE BIBLIOGRAFÍA, ETC.
Nota de bibliografía, etc. Bibliografía: p. 191-195.
630 #0 - PUNTO DE ACCESO ADICIONAL DE MATERIA--TÍTULO UNIFORME
Título uniforme Don Quijote de la Mancha.
9 (RLIN) 120906
650 #4 - PUNTO DE ACCESO ADICIONAL DE MATERIA--TÉRMINO DE MATERIA
Término de materia o nombre geográfico como elemento de entrada Lengua española-
Subdivisión geográfica Guatemala.
9 (RLIN) 144980
830 0# - PUNTO DE ACCESO ADICIONAL DE SERIE-TÍTULO UNIFORME
Título uniforme Pensamiento (Taurus Ediciones)
9 (RLIN) 180294
852 ## - LOCALIZACIÓN
Ubicación ES-MaACL
Número de control de estantería E-14161
942 ## - ELEMENTOS DE ENTRADA SECUNDARIOS (KOHA)
Fuente del sistema de clasificación o colocación Clasificación decimal universal
Holdings
Estatus retirado Estado de pérdida Estado de daño No para préstamo Biblioteca de origen Biblioteca actual Ubicación en estantería Fecha de adquisición Fuente de adquisición Total de préstamos Signatura topográfica completa Código de barras Visto por última vez Precio de reemplazo Tipo de ítem Koha
        Biblioteca del Ateneo de Madrid Biblioteca del Ateneo de Madrid Depósito 2 02/02/2011     E-14161 1185574 23/02/2023 23/02/2023 Libro impreso